000
00333nam a2200133Ia 4500
008
150301s2011 xx 000 0 und d
082
_a
617.96
_b
A11A
100
_a
AGASTI, T.K.
245
_a
TB. OF ANAESTHESIA FOR POSTGRADUATES
260
_b
JAYPEE
_a
DELHI
_c
2011
300
_a
1186
650
_a
ANESTHESIOLOGY
942
_2
ddc
_c
BK
_0
11
999
_c
6696
_d
6696